Normal view
MARC view
- Meriam , J. L. & Kraige, L. G. & Bolton , J. N.
Entry Personal Name
001 - CONTROL NUMBER
- control field: 18449
003 - CONTROL NUMBER IDENTIFIER
- control field: NUST
005 - DATE AND TIME OF LATEST TRANSACTION
- control field: 20190724065601.0
008 - FIXED-LENGTH DATA ELEMENTS
- fixed length control field: 190724|| aca||aabn | a|a d
040 ## - CATALOGING SOURCE
- Original cataloging agency: NUST
- Transcribing agency: NUST
100 ## - HEADING--PERSONAL NAME
- Personal name: Meriam , J. L. & Kraige, L. G. & Bolton , J. N.
670 ## - SOURCE DATA FOUND
- Source citation: Work cat.: (NUST): Meriam , J. L. & Kraige, L. G. & Bolton , J. N. , ENGINEERING MECHANICS DYNAMICS \, 2017.
